| 000 | 00839nam a2200181 i 4500 | ||
|---|---|---|---|
| 001 | 157709 | ||
| 003 | ES-MaACL | ||
| 005 | 20230906210822.0 | ||
| 008 | 010313s1871 sp f |||| | spa d | ||
| 040 |
_aCCPB | B _bspa _cCCPB | B |
||
| 245 | 0 | 3 |
_aEl libro de las familias _b: novísimo manual práctico de cocina española, francesa y americana, higiene y economía doméstica : contiene más de dos mil formulas de ejecución sencilla y fácil. |
| 250 | _a14ª ed. revista, corr. y aum. con La llave de la vida. | ||
| 260 |
_aMadrid : _blibrería de Leocadio López, editor, _c1871 ( _fimp. de M. Rivadeneyra) |
||
| 300 |
_aVII, 733 p., [1] h. de grab. pleg. ; _c17 cm. |
||
| 599 | _aLa h. de grab. pleg. es de animales. | ||
| 650 | 4 |
_aCocina- _vRecetas. _911127 |
|
| 852 |
_aES-MaACL _jD-2217 _z-- Enc. hol. _z-- Legado M. de la Fuente |
||
| 999 |
_c157709 _d157709 |
||